A summary of Christian history / (Record no. 9010)

MARC details
000 -LEADER
fixed length control field 01004cam a2200289 a 4500
001 - CONTROL NUMBER
control field 2050028
003 - CONTROL NUMBER IDENTIFIER
control field GBCCL
005 - DATE AND TIME OF LATEST TRANSACTION
control field 20241126110703.0
008 - FIXED-LENGTH DATA ELEMENTS--GENERAL INFORMATION
fixed length control field 930713s1994 tnub b 001 0 eng
010 ## -
-- 93011779
020 ## - INTERNATIONAL STANDARD BOOK NUMBER
International Standard Book Number 0805410643 :
Terms of availability $24.99
040 ## - CATALOGING SOURCE
Original cataloging agency DLC
Transcribing agency DLC
Modifying agency DLC
050 00 -
-- BR146
-- .B2 1994
082 00 - DEWEY DECIMAL CLASSIFICATION NUMBER
Classification number 270
Edition information 20
Item number BAK
100 1# - MAIN ENTRY--PERSONAL NAME
Personal name Baker, Robert Andrew.
9 (RLIN) 1535
245 12 - TITLE STATEMENT
Title A summary of Christian history /
Statement of responsibility, etc. Robert A. Baker.
250 ## - EDITION STATEMENT
Edition statement Rev. /
Remainder of edition statement by John M. Landers.
260 ## - PUBLICATION, DISTRIBUTION, ETC.
Place of publication, distribution, etc. Nashville, Tenn. :
Name of publisher, distributor, etc. Broadman & Holman Publishers,
Date of publication, distribution, etc. c1994.
300 ## - PHYSICAL DESCRIPTION
Extent xi, 435 p. :
Other physical details maps ;
Dimensions 24 cm.
504 ## - BIBLIOGRAPHY, ETC. NOTE
Bibliography, etc. note Includes bibliographical references (p. 411-415) and index.
650 #0 - SUBJECT ADDED ENTRY--TOPICAL TERM
Topical term or geographic name entry element Church history.
9 (RLIN) 117
700 1# - ADDED ENTRY--PERSONAL NAME
Personal name Landers, John M.,
Dates associated with a name 1941-
9 (RLIN) 1536
740 0# -
-- Christian history.
906 ## - LOCAL DATA ELEMENT F, LDF (RLIN)
a 7
b cbc
c orignew
d 1
e ocip
f 19
g y-gencatlg
942 ## - ADDED ENTRY ELEMENTS (KOHA)
Source of classification or shelving scheme Dewey Decimal Classification
Koha item type Books
Koha issues (borrowed), all copies 9
Holdings
Withdrawn status Lost status Source of classification or shelving scheme Damaged status Not for loan Home library Current Library Shelving location Date acquired Total checkouts Total renewals Full call number Barcode Date last seen Date last checked out Copy number Price effective from Koha item type
    Dewey Decimal Classification     GRACE BIBLE COLLEGE GRACE BIBLE COLLEGE Church History 2022-02-21 11 1 270 BAK 014662 2026-02-12 2026-02-02 c.1 2022-02-21 Books
© Grace Bible College Library 2025